000 00381nam a22001457a 4500
020 _a9780141037851
_cAvailable
082 _a320 SEN
100 _aSen, Amartya
245 _aThe Idea of Justice
_cSen, Amartya
260 _aIndia
_bPenguin Books
_c2009
300 _cXXVII,468P
_fBook
942 _2ddc
_cBK
999 _c588338
_d588338